000 00516nam a2200193 4500
001 118031
003 ES-MaACL
005 20240503113022.0
007 t|
008 070214s1973 sp r ||||1| spa d
100 1 _aParaiso, Isabel.
_9182994
245 1 3 _aUn extenso dolor /
_cIsabel Paraiso.
260 _aMadrid :
_bAlfaguara,
_c1973.
300 _a88 p. ;
_c22 cm.
490 1 _aAgora
830 0 _aColección Ágora
_9180771
852 _aES-MaACL
_jC-55115
_bR.87720
999 _c118031
_d118031